000 00629nam a2200193 u 4500
005 20210223131422.0
008 101123s2009 r 000 0 eng d
020 _a9788479788971
035 _aUPN01000178743
049 _aCG
050 4 _aHD53
_bM4.2
100 1 _aMenchén Bellón, Francisco
245 1 3 _aLa creatividad y las nuevas tecnologías en las organizaciones modernas /
_cFrancisco Menchén Bellón.
260 _aMadrid :
_bDíaz de Santos,
_c2009.
300 _a208 p.
650 4 _aAPTITUD CREADORA EN LOS NEGOCIOS
_94962
650 4 _aTECNOLOGIA DE LA INFORMACION -
_xADMINISTRACION
_917548
905 _aLibro
999 _c150846
_d150846